A chariot to freedom : (Record no. 9412)

MARC details
000 -LEADER
fixed length control field 00742cam a2200169 i 4500
005 - DATE AND TIME OF LATEST TRANSACTION
control field 20230307153022.0
008 - FIXED-LENGTH DATA ELEMENTS--GENERAL INFORMATION
fixed length control field 230307b |||||||| |||| 00| 0 eng d
020 ## - INTERNATIONAL STANDARD BOOK NUMBER
International Standard Book Number 9781611804584
Qualifying information (hardback)
082 00 - DEWEY DECIMAL CLASSIFICATION NUMBER
Classification number 294.3 GYA
100 0# - MAIN ENTRY--PERSONAL NAME
Personal name Gyaltsap, Shechen:
Relator term author.
245 12 - TITLE STATEMENT
Title A chariot to freedom :
Remainder of title guidance from the great masters on the Vajrayāna preliminary practices /
Statement of responsibility, etc. Shechen Gyaltsap Gyurme Pema Namgyal ; translated by the Padmakara Translation Group.
264 #1 - PRODUCTION, PUBLICATION, DISTRIBUTION, MANUFACTURE, AND COPYRIGHT NOTICE
Place of production, publication, distribution, manufacture Boulder :
Name of producer, publisher, distributor, manufacturer Shambhala,
Date of production, publication, distribution, manufacture, or copyright notice 2021
300 ## - PHYSICAL DESCRIPTION
Extent xxviii, 724 pages :
Other physical details illustrations ;
Dimensions 24 cm
504 ## - BIBLIOGRAPHY, ETC. NOTE
Bibliography, etc. note Includes bibliographical references (pages 673-688) and index.
942 ## - ADDED ENTRY ELEMENTS (KOHA)
Source of classification or shelving scheme Dewey Decimal Classification
Koha item type Main
Holdings
Withdrawn status Lost status Source of classification or shelving scheme Damaged status Not for loan Collection code Home library Current library Shelving location Date acquired Serial Enumeration / chronology Total Checkouts Total Renewals Full call number Barcode Date last seen Date last checked out Price effective from Koha item type
    Dewey Decimal Classification     Main TEST RTC Library RTC Library Main opac 07/03/2023 177215 2 2 294.3 GYA 30018585 30/10/2024 18/09/2024 07/03/2023 Main
Royal Thimphu College || All Right Reserved